Moderní ekonomie /
Salvato in:
| Autori principali: | , |
|---|---|
| Natura: | Libro |
| Lingua: | ceco |
| Pubblicazione: |
Praha :
Economia,
1991
|
| Tags: |
Nessun Tag, puoi essere il primo ad aggiungerne!!
|
MARC
| LEADER | 00000nam a22000003a 4500 | ||
|---|---|---|---|
| 001 | stu1069 | ||
| 005 | 20150617225622.7 | ||
| 008 | 920122s1991----cs------------------cze-d | ||
| 040 | |a STU |b slo | ||
| 041 | 0 | |a cze | |
| 044 | |a cs | ||
| 080 | |a 330.34 | ||
| 080 | |a 339 |7 stu_us_auth*stu8087 | ||
| 100 | 1 | |a Konečný, Bronislav |4 aut | |
| 245 | 1 | |a Moderní ekonomie / |c [aut.] Konečný,Bronislav; Sojka,Milan | |
| 260 | |a Praha : |b Economia, |c 1991 | ||
| 300 | |a 185 s | ||
| 700 | 1 | |a Sojka, Milan |4 aut | |
| 996 | |b E74582 |c R*74582 |l RRUM |s A |a 24 |w stu1069_0001 | ||
| 996 | |b E81034 |c R*81034 |l RRUM |s A |a 24 |w stu1069_0002 | ||